000 00350nam a2200145Ia 4500
008 150201s2002 xx 000 0 und d
082 _a616
_bB02D
100 _aDONAGHY , MICHEL
245 _aBRAIN DISEASES OF THE NERVOUS SYSTEM
250 _a11TH
260 _bOXFORD
_aNEW YORK
_c2002
300 _a1-1242
650 _aMEDICINE
942 _2ddc
_cBK
999 _c1509
_d1509